UM Logo

Counseling theories and techniques for rehabilitation and mental health professionals/ (Record no. 13344)

MARC details
000 -LEADER
fixed length control field 01498nam a22002177a 4500
008 - FIXED-LENGTH DATA ELEMENTS--GENERAL INFORMATION
fixed length control field 190304b ||||| |||| 00| 0 eng d
020 ## - INTERNATIONAL STANDARD BOOK NUMBER
International Standard Book Number 9780826198686
082 ## - DEWEY DECIMAL CLASSIFICATION NUMBER
Edition number 2015
Classification number AV-Eb 362.1786
Item number C832
245 ## - TITLE STATEMENT
Title Counseling theories and techniques for rehabilitation and mental health professionals/
250 ## - EDITION STATEMENT
Edition statement Second Edition
260 ## - PUBLICATION, DISTRIBUTION, ETC. (IMPRINT)
Place of publication, distribution, etc. New York
Name of publisher, distributor, etc. Springer Publishing Company
Date of publication, distribution, etc. ©2015.
300 ## - PHYSICAL DESCRIPTION
Extent 514 pages;
500 ## - GENERAL NOTE
General note Includes index.
520 ## - SUMMARY, ETC.
Summary, etc. The only text about counseling theories and techniques developed specifically for upper-level rehabilitation counseling students and practitioners, this book is now fully updated with a focus on evidence-based practice. It reflects the great strides made in incorporating research-based knowledge into counseling/therapy interventions since the first edition’s publication nearly 10 years ago. The book disseminates the expertise of many of the most esteemed leaders and academic scholars in rehabilitation counseling. These authors emphasize state-of-the-art scientific evidence that supports the effectiveness of various counseling approaches and techniques for people with and without disabilities.
650 ## - SUBJECT ADDED ENTRY--TOPICAL TERM
Topical term or geographic name as entry element People with disabilities -- Rehabilitation.
9 (RLIN) 37279
650 ## - SUBJECT ADDED ENTRY--TOPICAL TERM
Topical term or geographic name as entry element Rehabilitation counseling.
9 (RLIN) 37280
700 ## - ADDED ENTRY--PERSONAL NAME
Personal name Fong, Chan,
Relator term editor
9 (RLIN) 37281
700 ## - ADDED ENTRY--PERSONAL NAME
Personal name Kenneth R., Thomas,
Relator term editor
9 (RLIN) 37282
856 ## - ELECTRONIC LOCATION AND ACCESS
Link text https://ebookcentral.proquest.com/lib/uniofmindanao-ebooks/detail.action?docID=1953174
942 ## - ADDED ENTRY ELEMENTS (KOHA)
Source of classification or shelving scheme Dewey Decimal Classification
Koha item type Ebooks
Holdings
Withdrawn status Lost status Source of classification or shelving scheme Damaged status Not for loan Home library Current library Date acquired Source of acquisition Total Checkouts Full call number Barcode Date last seen Copy number Price effective from Koha item type
    Dewey Decimal Classification     UM Digos College - LIC UM Digos College - LIC 03/04/2019 Downloaded   AV-Eb 362.1786 C832 Eb01 03/04/2019 1 03/04/2019 Ebooks